<?xml version="1.0" encoding="UTF-8"?><?xml-stylesheet type="text/xsl" href="static/style.xsl"?><OAI-PMH xmlns="http://www.openarchives.org/OAI/2.0/" xmlns:xsi="http://www.w3.org/2001/XMLSchema-instance" xsi:schemaLocation="http://www.openarchives.org/OAI/2.0/ http://www.openarchives.org/OAI/2.0/OAI-PMH.xsd"><responseDate>2026-06-04T19:56:28Z</responseDate><request verb="GetRecord" identifier="oai:riuma.uma.es:10630/44714" metadataPrefix="marc">https://riuma.uma.es/rest/oai/request</request><GetRecord><record><header><identifier>oai:riuma.uma.es:10630/44714</identifier><datestamp>2026-02-03T11:43:29Z</datestamp><setSpec>com_10630_2254</setSpec><setSpec>col_10630_37956</setSpec></header><metadata><record xmlns="http://www.loc.gov/MARC21/slim" xmlns:dcterms="http://purl.org/dc/terms/" xmlns:doc="http://www.lyncode.com/xoai" xmlns:xsi="http://www.w3.org/2001/XMLSchema-instance" xsi:schemaLocation="http://www.loc.gov/MARC21/slim http://www.loc.gov/standards/marcxml/schema/MARC21slim.xsd">
   <leader>00925njm 22002777a 4500</leader>
   <datafield ind2=" " ind1=" " tag="042">
      <subfield code="a">dc</subfield>
   </datafield>
   <datafield ind2=" " ind1=" " tag="720">
      <subfield code="a">Hatanaka, Masanori</subfield>
      <subfield code="e">author</subfield>
   </datafield>
   <datafield ind2=" " ind1=" " tag="720">
      <subfield code="a">Crespo Guerrero, José Manuel</subfield>
      <subfield code="e">author</subfield>
   </datafield>
   <datafield ind2=" " ind1=" " tag="260">
      <subfield code="c">2014</subfield>
   </datafield>
   <datafield ind2=" " ind1=" " tag="520">
      <subfield code="a">El capítulo analiza el desarrollo reciente de los geoparques y el geoturismo en España y propone una síntesis de conjunto apoyada en bibliografía española y en fuentes institucionales. Su objetivo es ordenar el estado de la cuestión y describir la situación española en tres escalas complementarias: nacional, autonómica y local (geoparques), para ofrecer una visión integrada de políticas, instrumentos y prácticas. En el plano conceptual, el texto delimita y articula cuatro nociones clave: patrimonio geológico, geodiversidad, geoconservación y geoturismo, y remarca su interdependencia: la valorización turística solo es coherente si garantiza la conservación y una interpretación rigurosa del patrimonio. Asimismo, se discuten enfoques de geoturismo centrados en lo “geológico” frente a visiones más “geográficas”, y se adopta una aproximación exigente en términos de contenido educativo e interpretativo. Se muestra que la consolidación del geoturismo en España es relativamente reciente y está influida por marcos y dinámicas internacionales; además, precisa que geoparque y espacio natural protegido no son equivalentes: el geoparque no implica, por sí mismo, restricciones normativas comparables, aunque puede operar como estrategia de geoconservación y desarrollo territorial. Se recuerdan los tres requisitos básicos para el reconocimiento: (1) geositios de valor sobresaliente, (2) acciones de conservación/educación/divulgación, y (3) proyectos de desarrollo económico-cultural basados en ese patrimonio. En 2013, España contaba con ocho geoparques (y, adicionalmente, “parques geológicos” no integrados en redes UNESCO). El capítulo identifica iniciativas geoturísticas (inventarios y listados institucionales, geo-rutas, cuevas turísticas, patrimonio minero y vías verdes) y destaca su impacto potencial en educación, diversificación económica rural y fortalecimiento de capacidades locales, siempre que se mantenga el equilibrio conservación–uso público.</subfield>
   </datafield>
   <datafield ind1="8" ind2=" " tag="024">
      <subfield code="a">Hatanaka, M., &amp; Crespo Guerrero, J. M. (2014). スペインのジオパークとジオツーリズム [Geoparques y geoturismo en España]. En S. Yokoyama (Ed.), ジオツーリズム論: 大地の遺産を訪ねる新しい観光 [Teoría del geoturismo: Un nuevo turismo que explora el patrimonio de la Tierra] (pp. 110–159). 古今書院 = Kokon-Shoin Publisher</subfield>
   </datafield>
   <datafield ind1="8" ind2=" " tag="024">
      <subfield code="a">https://hdl.handle.net/10630/44714</subfield>
   </datafield>
   <datafield tag="653" ind2=" " ind1=" ">
      <subfield code="a">Turismo</subfield>
   </datafield>
   <datafield tag="653" ind2=" " ind1=" ">
      <subfield code="a">Geología</subfield>
   </datafield>
   <datafield ind2="0" ind1="0" tag="245">
      <subfield code="a">スペインのジオパークとジオツーリズム</subfield>
   </datafield>
</record>
</metadata></record></GetRecord></OAI-PMH>